000 00301nam a22001337a 4500
008 181016b xxu||||| |||| 00| 0 eng d
020 _a9780723436010
041 _aeng
080 _25 ED
_a579
100 _a11
101 _aBIO
245 _aMedical Microbiology
_cGoering .R.V
942 _2udc
_cBK
999 _c49885
_d49885